Logo CIB grande

CLIMATE AND SOCIETY: CLIMATE AS RESOURCE, CLIMATE AS RISK (Registro nro. 237265)

Detalles MARC
000 -LEADER
campo de control de longitud fija 00580nam a2200217Ia 4500
005 - FECHA Y HORA DE LA ÚLTIMA TRANSACCIÓN
campo de control 20250425162828.0
008 - DATOS DE LONGITUD FIJA--INFORMACIÓN GENERAL
campo de control de longitud fija 250425s9999 xx 000 0 und d
020 ## - NÚMERO INTERNACIONAL ESTÁNDAR DEL LIBRO
Número Internacional Estándar del Libro 9789814280532
041 ## - CÓDIGO DE IDIOMA
Código de lengua del texto/banda sonora o título independiente eng
082 ## - NÚMERO DE LA CLASIFICACIÓN DECIMAL DEWEY
Número de clasificación 551.5
Iniciales del Autor STE
010 ## - NÚMERO DE CONTROL DE LA BIBLIOTECA DEL CONGRESO
Número de control de LC 110575
100 ## - ENTRADA PRINCIPAL--NOMBRE DE PERSONA
Nombre de persona STEHR, NICO
245 #0 - MENCIÓN DEL TÍTULO
Título CLIMATE AND SOCIETY: CLIMATE AS RESOURCE, CLIMATE AS RISK
250 ## - MENCION DE EDICION
Mención de edición 1A. ED.
264 ## - PRODUCCIÓN, PUBLICACIÓN, DISTRIBUCIÓN, FABRICACIÓN Y COPYRIGHT
Producción, publicación, distribución, fabricación y copyright Estados Unidos, SAN BERNARDINO
Nombre del de productor, editor, distribuidor, fabricante WORLD SCIENTIFIC
Fecha de producción, publicación, distribución, fabricación o copyright 2010.
300 ## - DESCRIPCIÓN FÍSICA
Extensión 141
650 ## - PUNTO DE ACCESO ADICIONAL DE MATERIA--TÉRMINO DE MATERIA
Término de materia o nombre geográfico como elemento de entrada CLIMATOLOGIA
650 ## - PUNTO DE ACCESO ADICIONAL DE MATERIA--TÉRMINO DE MATERIA
Término de materia o nombre geográfico como elemento de entrada PARAMETROS CLIMATOLOGICOS
700 ## - ENTRADA AGREGADA--NOMBRE PERSONAL
Nombre de persona STORCH, HANS VON
942 ## - ELEMENTOS DE ENTRADA SECUNDARIOS (KOHA)
Tipo de ítem Koha Libros
Existencias
Estatus retirado Estado de pérdida Estado de daño No para préstamo Biblioteca de origen Biblioteca actual Fecha de adquisición Coste, precio normal de compra Etiqueta RFID Total de préstamos Código de barras Copia número Tipo de ítem Koha
        CENTRO DE INFORMACIÓN BIBLIOTECARIA CENTRO DE INFORMACIÓN BIBLIOTECARIA 09/11/2019 99.00 0000000000000000034632   71408 1 Libros
        CENTRO DE INFORMACIÓN BIBLIOTECARIA CENTRO DE INFORMACIÓN BIBLIOTECARIA 09/11/2019 99.00 0000000000000000034633   71411 2 Libros

Copyright 2025 ESPOL. Todos los derechos reservados.